Ο θάνατος στην παιδική λογοτεχνία : το παράδειγμα της Άλκης Ζέη : διπλωματική εργασία
Saved in:
| Main Author: | |
|---|---|
| Corporate Author: | |
| Other Authors: | |
| Format: | Thesis Book |
| Language: | Greek |
| Published: |
2009
|
| Subjects: | |
| Online Access: | http://hdl.handle.net/11610/13723 |
| Tags: |
Add Tag
No Tags, Be the first to tag this record!
|
MARC
| LEADER | 00000cam a2200000 i 4500 | ||
|---|---|---|---|
| 001 | 1/8658 | ||
| 008 | 100624s2009 gre d | ||
| 035 | |l 10108341 | ||
| 040 | |a GR-MY-UA |b gre |e aacr | ||
| 041 | 0 | |a gre | |
| 082 | 0 | |a 809.89 |2 (22) | |
| 100 | 1 | |a Παπάζογλου, Μάριος Α. | |
| 245 | 1 | 2 | |a Ο θάνατος στην παιδική λογοτεχνία : |b το παράδειγμα της Άλκης Ζέη : διπλωματική εργασία / |c Μάριος Α. Παπάζογλου ; επιβλέπουσα: Αναγνωστοπούλου Διαμάντη |
| 260 | |c 2009 | ||
| 300 | |a 96 σ.; |c 30 εκ. | ||
| 500 | |a Μέλη εξεταστικής επιτροπής: Γιαννικοπούλου Αγγελική, Παπαδόπουλος Ιωάννης | ||
| 502 | |a Διατριβή (μεταπτυχιακή) – Πανεπιστήμιο Αιγαίου, Ρόδος, 2009. | ||
| 504 | |a Βιβλιογραφία: σ. 91-96 | ||
| 650 | 0 | 0 | |a Children's literature |x History and criticism. |
| 650 | 0 | 0 | |a Children's literature |x Authorship. |
| 650 | 0 | 0 | |a Books and reading. |
| 650 | 0 | 0 | |a Children |x Folklore. |
| 650 | 0 | 0 | |a Dissertations, Academic |z Greece. |
| 700 | 1 | |a Αναγνωστοπούλου, Διαμάντη. |4 ths | |
| 710 | 1 | |a Πανεπιστήμιο Αιγαίου |b Σχολή Ανθρωπιστικών Επιστημών |b Τμήμα Επιστημών της Προσχολικής Αγωγής και του Εκπαιδευτικού Σχεδιασμού |b Μεταπτυχιακό Πρόγραμμα Σπουδών Παιδικό Βιβλίο και Παιδαγωγικό Υλικό. | |
| 852 | |a INST |b RHODES |c DIATR |e 20110404 |h 809.89 ΠΑΠ |p 005400032676 |q 005400032676 |t MTXE |y 23 | ||
| 852 | |a INST |b RHODES |c DIATR |e 20110404 |h 809.89 ΠΑΠ |p 005400032677 |q 005400032677 |t MTXE |y 23 | ||
| 856 | |u http://hdl.handle.net/11610/13723 | ||
| 901 | |a BIBL4-2010-2 | ||
| 909 | |a Ρ |b 159887 | ||
| 909 | |a Ρ |b 159888 | ||
| 924 | |a ΠΑΠΑΖΟΓΛΟΥ |b ΜΑΡΙΟΣ |y ΡΟΔΟΣ |z 2009-07 | ||
| 970 | |a ΚΟΖΑ |b ΜΑΡΙΑ |z 2010/06/24 | ||